I Ciclo de Conferencias sobre Materias Hacendísticas y Tributarias / (Record no. 46428)

MARC details
000 -LEADER
campo de control de longitud fija 00721nam a2200181 i 4500
001 - NÚMERO DE CONTROL
campo de control 46428
003 - IDENTIFICADOR DE NÚMERO DE CONTROL
campo de control ES-MaACL
005 - FECHA Y HORA DE LA ÚLTIMA TRANSACCIÓN
campo de control 20230906161400.0
007 - CAMPO FIJO DE DESCRIPCIÓN FÍSICA--INFORMACIÓN GENERAL
campo de control de longitud fija t|
008 - DATOS DE LONGITUD FIJA--INFORMACIÓN GENERAL
campo de control de longitud fija 030328s1983 sp ||||1| spa d
110 2# - ENTRADA PRINCIPAL--NOMBRE DE ENTIDAD CORPORATIVA
Nombre de entidad corporativa o nombre de jurisdicción como elemento de entrada Ciclo de Conferencias sobre Materias Hacendísticas y Tributarias (
Fecha del congreso o de la firma del tratado 1982.
Sede del congreso/Lugar de la reunión Santa Cruz de Tenerife)
9 (RLIN) 2805
245 10 - MENCIÓN DEL TÍTULO
Título I Ciclo de Conferencias sobre Materias Hacendísticas y Tributarias /
Mención de responsabilidad, etc. [organiza, Universidad de La Laguna].
260 ## - PUBLICACIÓN, DISTRIBUCIÓN, ETC.
Lugar de publicación, distribución, etc. Santa Cruz de Tenerife :
Nombre del editor, distribuidor, etc. [Confederación de Cajas de Ahorros],
Fecha de publicación, distribución, etc. 1983.
300 ## - DESCRIPCIÓN FÍSICA
Extensión 284 p. ;
Dimensiones 21 cm.
710 2# - ENTRADA AGREGADA--NOMBRE DE ENTIDAD CORPORATIVA
Nombre de entidad corporativa o nombre de jurisdicción como elemento de entrada Universidad de La Laguna.
9 (RLIN) 7194
710 2# - ENTRADA AGREGADA--NOMBRE DE ENTIDAD CORPORATIVA
Nombre de entidad corporativa o nombre de jurisdicción como elemento de entrada Confederación Española de Cajas de Ahorros.
9 (RLIN) 3148
852 ## - LOCALIZACIÓN
Ubicación ES-MaACL
Número de control de estantería L-4865
Sublocalización o colección R.105613
Holdings
Estatus retirado Estado de pérdida Estado de daño No para préstamo Biblioteca de origen Biblioteca actual Ubicación en estantería Fecha de adquisición Fuente de adquisición Total de préstamos Signatura topográfica completa Código de barras Visto por última vez Precio de reemplazo Tipo de ítem Koha
        Biblioteca del Ateneo de Madrid Biblioteca del Ateneo de Madrid Depósito 2 17/01/2008     L-4865 1048829 23/02/2023 23/02/2023 Libro impreso